| 000 | 00697cam a22002413a 4500 | ||
|---|---|---|---|
| 001 | 17011 | ||
| 003 | PGUSA | ||
| 005 | 20140828083349.0 | ||
| 008 | 051105s2005||||xxu|||||s|||||000 1 eng d | ||
| 040 |
_aPGUSA _beng |
||
| 042 | _adc | ||
| 050 | 4 | _aPT | |
| 100 | 1 |
_aRosegger, Peter, _d1843-1918 |
|
| 245 | 1 | 0 |
_aI.N.R.I. : _bA prisoner's Story of the Cross _h[electronic resource] / _cPeter Rosegger |
| 260 |
_bProject Gutenberg, _c2005 |
||
| 506 | _aPublic domain in the USA. | ||
| 516 | _aElectronic text | ||
| 653 | _aJesus Christ -- Fiction | ||
| 700 | 1 |
_aLee, Elizabeth, _d1857-1920 |
|
| 830 | 0 |
_aProject Gutenberg _v17011 |
|
| 856 | 4 | 0 | _uhttp://www.gutenberg.org/ebooks/17011 |
| 942 | _cEB | ||
| 999 |
_c246266 _d246266 |
||